|
|
|
|
| LEADER |
00613cam a2200205 7i4500 |
| 001 |
0000033337 |
| 005 |
20190619090000.0 |
| 007 |
##ta |
| 008 |
190619t2014 my |
| 020 |
# |
# |
|a 9780062303110
|
| 090 |
0 |
0 |
|a B 817.6
|b PYL
|
| 100 |
1 |
# |
|a Pyle, Nathan w.
|e author
|
| 245 |
1 |
0 |
|a NYC BASIC TIPS AND ETIQUETTE
|c NATHAN W. PYLE.
|
| 264 |
# |
1 |
|a New York:
|b William Morrow,
|c [2014].
|
| 264 |
# |
4 |
|c @2014.
|
| 300 |
# |
# |
|a 136 pages:
|b illustrations;
|c 15 cm.
|
| 650 |
1 |
0 |
|a Etiquette --
|z New York
|
| 650 |
2 |
0 |
|a Life skills
|
| 651 |
# |
0 |
|a New York --
|x Social life and customs
|
| 999 |
|
|
|a B000037603
|b Book
|c Book
|e Business Information Centre
|